00570cam a22002411 4500001001300000003000400013005001700017008004100034010001700075025001900092035002000111040002100131042001200152050001800164100002400182245002100206260001100227300001500238490001800253500001400271650002600285999001700311sa 68009908 DLC20260227112548.0950207m19649999ii 000 1 tamo  asa 68009908  aPL480:I-T-2360 a(OCoLC)31950821 aDLCcCUdCUdDLC apremarc00aPL4758.8b.S91 aSvāmināthan, J.10aAmutak katampam. c[1964- av.c22 cm.0 aAmutam ;v229 aIn Tamil. 0aShort stories, Tamil. c83236d83236